000 01119cam a2200277 4500
001 ABS68466
008 041117n2004 000 0 eng u
035 _a(Sirsi) u128017
245 _aClearing the path
260 _c2004
490 _aJournal of the Law Society of Scotland
_v49(10) October 2004, 52(1)
520 _aClarifies some points about rural community interest in land and the Register of Community Interests in Land (RCIL). Describes briefly how the RCIL came into being and what it covers; how Land Register applications will be dealt with and notes on searching the register.
590 _aABS
590 _aABS
650 _aLAND REFORM (SCOTLAND) ACT 2003 S36
650 _aCOMMUNITY OWNERSHIP
650 _aLAND REGISTER
650 _aREGISTERED LAND
650 _aINTEREST IN LAND
650 _aRIGHT TO BUY
650 _aLAND REGISTRATION (SCOTLAND) ACT 1979
650 _aCOMMUNITY RIGHT TO BUY (DEFINITION OF EXCLUDED LAND) (SCOTLAND) ORDER 2004
650 _aPROPERTY-LANDLORD AND TENANT-TENANCIES-AGRICULTURAL TENANCIES
690 _aPROPERTY AND LAND LAW
942 _n0
999 _c118323
_d118323